000 00653nam a2200265Ia 4500
005 20260306164046.0
008 008 260114s9999 xx 000 0 eng d
020 _a9781399519007
037 _aEBOOK
040 _aCRL
040 _beng
040 _cCRL
041 _2eng
041 _aeng
084 _qCRL
100 _aMorin
_91129918
245 0 _aMerleau-ponty And Nancy On Sense And Being: At The Limits Of Phenomenology
260 _bEdinburgh University Press
260 _c2023
650 _aPhilosophy
856 _uhttps://academic.oup.com/book/45227
942 _cEBOOK
999 _c1712584
_d1712584